Statistics for NBA Slam Dunk Contest - All participants

Click here to take the quiz!

General Stats

  • This quiz has been taken 144 times
    (118 since last reset)
  • The average score is 59 of 122

Answer Stats

Times Participants % Correct
DeAndre Jordan
98%
3Michael Jordan
98%
5Dominique Wilkins
91%
Kobe Bryant
91%
Gerald Wilkins
86%
Glenn Robinson III
86%
Zach LaVine
86%
Dennis Smith Jr.
86%
Nate Robinson
86%
Otis Smith
84%
Kenny Smith
84%
James Robinson
84%
J.R. Smith
84%
Josh Smith
84%
Dwight Howard
84%
Vince Carter
82%
Spud Webb
80%
Blake Griffin
77%
Aaron Gordon
77%
Fred Jones
75%
Shelton Jones
75%
1Edgar Jones
75%
Derrick Jones Jr.
75%
2Larry Nance
70%
Larry Nance Jr.
70%
Tracy McGrady
70%
John Wall
68%
Paul George
68%
Clyde Drexler
66%
Donovan Mitchell
66%
Larry Johnson
64%
Isaiah Rider
59%
DeMar Derozan
59%
Antonio Davis
57%
Scottie Pippen
57%
Andre Drummond
57%
Ricky Davis
57%
Kenny Walker
57%
Baron Davis
57%
Jason Richardson
57%
Amar'e Stoudemire
55%
Victor Oladipo
55%
Gerald Green
55%
Giannis Antetokounmpo
55%
Ray Allen
52%
Dee Brown
52%
Andre Iguodala
52%
Derrick Williams
52%
Shannon Brown
52%
Julius Erving
52%
Jeremy Evans
50%
Shawn Kemp
50%
Brent Barry
50%
Terrence Ross
50%
Desmond Mason
50%
Michael Finley
48%
Cedric Ceballos
48%
Serge Ibaka
45%
Billy Thompson
45%
Gerald Wallace
45%
Ron Harper
43%
Harold Miner
43%
James White
43%
Greg Anderson
43%
Nick Anderson
43%
Damian Lillard
41%
Richard Jefferson
41%
Tyrus Thomas
41%
Jerry Stackhouse
41%
Doug West
39%
Steve Francis
39%
JaVale McGee
36%
Kenneth Faried
36%
Stromile Swift
36%
Hakim Warrick
36%
Ben McLemore
36%
Will Barton
36%
Johnny Dawkins
36%
Chris Andersen
34%
Allan Houston
34%
Eric Bledsoe
34%
Harrison Barnes
34%
Chris Carr
34%
Jamario Moon
34%
Chase Budinger
34%
Blue Edwards
34%
4Jerome Kersey
34%
Rudy Fernandez
34%
John Starks
34%
Tom Chambers
32%
Jonathan Bender
32%
Bob Sura
32%
Ralph Sampson
32%
Orlando Woolridge
30%
Terence Stansbury
30%
Michael Cooper
30%
Tony Dumas
30%
Mason Plumlee
27%
Tim Perry
27%
Rudy Gay
27%
Darrell Griffith
27%
Larry Hughes
27%
Darvin Ham
27%
Greg Minor
27%
Jamie Watson
27%
Kendall Gill
25%
Rex Chapman
25%
Paul Pressey
25%
Roy Hinson
25%
Terry Tyler
25%
Chris Morris
23%
Clarence Weatherspoon
23%
Mahmoud Abdul-Rauf
23%
Darrell Armstrong
23%
Stacey Augmon
20%
DeShawn Stevenson
20%
Corey Maggette
18%
Doug Christie
18%
David Benoit
18%
Kenny Battle
16%
Antonio Harvey
16%
Robert Pack
14%

Score Distribution

Percentile by Number Answered

Percent of People with Each Score

Your Score History

You have not taken this quiz since the last reset